| 000 | 00773nam a22002417a 4500 | ||
|---|---|---|---|
| 003 | URS | ||
| 005 | 20250128221054.0 | ||
| 008 | 250120b |||||||| |||| 00| 0 eng d | ||
| 020 | _a978-621-472-135-1 | ||
| 040 | _cURS | ||
| 050 | 0 | 0 |
_aHD58.8 _b.F66311 2023 |
| 100 | 1 |
_4Flores, Marivic Francisco _eAuthor |
|
| 245 | 1 | 0 |
_aDevelopment organization / _cMarivic F. Flores [and] Rodolfo L. Ducut |
| 250 | _aSecond edition | ||
| 264 | 1 |
_a Manila: _bUnlimited Books Library Services & Publishing Inc., _c@2023 |
|
| 300 |
_aviii, 340pages; _c23cm. _billustrations, |
||
| 336 |
_2 rdacontent _a text |
||
| 337 |
_2rdamedia _a unmediated |
||
| 338 |
_2 rdacarrier _a volume |
||
| 504 | _aIt includes bibliography. | ||
| 650 | _2Organization change. | ||
| 942 |
_2lcc _cF |
||
| 999 |
_c81850 _d81849 |
||